000 00369pam a2200157a 44500
008 230515b1999 xxu||||| |||| 00| 0 eng d
020 _aNULL
041 _aENG
082 _a611
100 _aCHOURASIA B.D.
245 _aHANDBOOK OF GENERAL ANATOMY
250 _a3RD
260 _aNULL
_bCBS PUBLISHER AND DISTRIBUTORS
_c1999
300 _a191
650 _aANATOMY
999 _c547317
_d547317